00809nam a2200205 a 450000100100000000500170001000800410002702000150006804000250008308200160010810000460012424000470017024501320021726000450034930000210039470000300041570000270044595201140047299900170058600003675520200930075922.0120131s1983 xxu 000 0 spa d a0870232045 aDO-SdBNPbspacBNPHU axxxxbB925e1 aBuckminster Fuller, R.,d1895-198396308610aBuckminster Fuller of educationlEspañol10aEducación, tecnología y futuro. /cRichard Buckminster Fuller ; selección y notas por Peter H. Wagschal y Robert D. Kahn. aBuenos Aires :bEdiciones Arango,c1983. a189 p. ;c20 cm.1 aWagschal, Peter H.9630871 aKahn, Robert D.963088 001050718MOaGRbGRcCTd2012-01-31iLF1l0oxxxx B925ep36755-10r2020-06-25w2020-06-25y1ZNo se presta c36246d36246